Bureaucracies and the political economy of protection : (Record no. 542930)
[ view plain ]
| 000 -LEADER | |
|---|---|
| fixed length control field | 00640cam a2200181 a 4500 |
| 020 ## - INTERNATIONAL STANDARD BOOK NUMBER | |
| International Standard Book Number | 0821301985 (pbk.) |
| 082 00 - DEWEY DECIMAL CLASSIFICATION NUMBER | |
| Classification number | 382.73094 |
| Author Mark | MES |
| -- | D |
| 100 1# - MAIN ENTRY--PERSONAL NAME | |
| Personal name | Messerlin, Patrick A. |
| 9 (RLIN) | 38292 |
| 245 10 - TITLE STATEMENT | |
| Title | Bureaucracies and the political economy of protection : |
| Remainder of title | reflections of a continental European / |
| Statement of responsibility, etc. | Patrick A. Messerlin. |
| 260 ## - PUBLICATION, DISTRIBUTION, ETC. | |
| Place of publication, distribution, etc. | Washington, D.C., U.S.A. : |
| Name of publisher, distributor, etc. | World Bank, |
| Date of publication, distribution, etc. | c1983. |
| 300 ## - PHYSICAL DESCRIPTION | |
| Extent | 47 p. ; |
| Dimensions | 28 cm. |
| 490 1# - SERIES STATEMENT | |
| Series statement | World Bank staff working papers ; |
| 526 ## - STUDY PROGRAM INFORMATION NOTE | |
| Program name | 0 |
| Interest level | 0 |
| Reading level | 0 |
| Title point value | 382_730940000000000_MES |
| 650 #0 - SUBJECT ADDED ENTRY--TOPICAL TERM | |
| Topical term or geographic name entry element | Bureaucracy |
| Geographic subdivision | Europe. |
| 9 (RLIN) | 38293 |
| 650 #0 - SUBJECT ADDED ENTRY--TOPICAL TERM | |
| Topical term or geographic name entry element | MCE |
| 9 (RLIN) | 379 |
| 650 #0 - SUBJECT ADDED ENTRY--TOPICAL TERM | |
| Topical term or geographic name entry element | Protectionism |
| Geographic subdivision | Europe. |
| 9 (RLIN) | 38294 |
| 942 ## - ADDED ENTRY ELEMENTS (KOHA) | |
| Source of classification or shelving scheme | |
| Koha item type | Book |
| Withdrawn status | Lost status | Source of classification or shelving scheme | Damaged status | Not for loan | Permanent Location | Current Location | Date acquired | Total Checkouts | Full call number | Barcode | Date last seen | Price effective from | Koha item type |
|---|---|---|---|---|---|---|---|---|---|---|---|---|---|
| Military College of Engineering (MCE) | Military College of Engineering (MCE) | 02/26/2014 | 382.73094 MES | MCE-42504 | 02/26/2014 | 02/26/2014 | Book |
